Т. 1: Линейные электродвигатели; Электрические машины и трансформаторы

Detaylı Bibliyografya
Parent link:Электрические машины и трансформаторы/ Академия наук СССР (АН СССР), Всесоюзный институт научной и технической информации (ВИНИТИ).— , 1964-1991.— 0202-831X
Yazar: Айзенштейн Б. М.
Diğer Yazarlar: Горяинов Ф. А. Федор Алексеевич (редактор)
Dil:Rusça
Baskı/Yayın Bilgisi: 1975
Konular:
Materyal Türü: MixedMaterials Kitap
KOHA link:https://koha.lib.tpu.ru/cgi-bin/koha/opac-detail.pl?biblionumber=85055

MARC

LEADER 00000nam2a2200000 4500
001 85055
005 20231031100854.0
035 |a (RuTPU)RU\TPU\book\91388 
090 |a 85055 
100 |a 20051109d1975 k y0rusy50 ca 
101 0 |a rus 
102 |a RU 
105 |a a z 001zy 
200 0 |a Т. 1: Линейные электродвигатели  |f Б. М. Айзенштейн  |g науч. ред. Ф. А. Горяинов 
210 |d 1975 
215 |a 112 с.  |c ил. 
320 |a Библиогр.: с. 101-110. 
461 1 |0 (RuTPU)RU\TPU\book\38182  |x 0202-831X  |t Электрические машины и трансформаторы  |f Академия наук СССР (АН СССР), Всесоюзный институт научной и технической информации (ВИНИТИ)  |d 1964-1991  |s Электрические машины и трансформаторы 
610 1 |a электрические машины 
610 1 |a линейные электродвигатели 
610 1 |a конструкции 
610 1 |a экспериментальные исследования 
610 1 |a расчет 
610 1 |a проектирование 
675 |a 621.313  |v 3 
675 |a 621.314.2  |v 3 
700 1 |a Айзенштейн  |b Б. М. 
702 1 |a Горяинов  |b Ф. А.  |g Федор Алексеевич  |4 340 
801 1 |a RU  |b 63413507  |c 20051109  |g PSBO 
801 2 |a RU  |b 63413507  |c 20131118  |g PSBO 
942 |c BK